Buat duit dengan bisnes homestay

Bibliographic Details
Main Author: Jasaiyani Sa'ad (Author)
Format: Book
Language:Malay
Published: Petaling Jaya, Selangor : TrueWealth Sdn Bhd 2014
Subjects:

MARC

LEADER 00000cam a2200000 7i4500
001 0000027669
005 20241119.0
008 171031 my may
020 |a 9789674160418 
040 |a INS   |b eng   |e rda 
090 0 0 |a HD7288   |b J391 2014 
100 0 |a Jasaiyani Sa'ad ,   |e author 
245 1 0 |a Buat duit dengan bisnes homestay   |c Jasaiyani Sa'ad 
264 1 |a Petaling Jaya, Selangor :   |b TrueWealth Sdn Bhd   |c 2014 
300 |a ii, 170 pages ;   |c 21 cm. 
336 |a text  |2 rdacontent 
337 |a unmediated  |2 rdamedia 
338 |a volume  |2 rdacarrier 
504 |a Includes bibliographical references (pages 169 - [170]) 
650 0 |a Bed and breakfast accomodations   |z Malaysia. 
650 0 |a Hotel   |z Malaysia. 
650 0 |a Success in bussiness 
999 |a 1000003131   |b BOOK   |c Open Shelf   |e Default branch